[Event "ch-ISL"]
[Site "Bolungarvik ISL"]
[Date "2009.09.05"]
[Round "5"]
[White "Danielsen,Hen"]
[Black "Ornolfsson,M"]
[Result "1-0"]
[WhiteElo "2473"]
[BlackElo "2214"]

1.Nf3 d5 2.g3 Nf6 3.Bg2 g6 4.c4 Bg7 5.d4 c6 6.cxd5 cxd5 7.Nc3 Nc6 8.Ne5 O-O
9.O-O Bf5 10.Nxc6 bxc6 11.Na4 Re8 12.b3 Ne4 13.Bb2 Bh6 14.e3 Qd7 15.Rc1 Rac8
16.Qe2 Bh3 17.Nc5 Nxc5 18.Bxh3 Qxh3 19.Rxc5 Qd7 20.Rfc1 Rc7 21.Qc2 Rec8 22.Bc3 e5
23.dxe5 Bf8 24.Ra5 c5 25.Rd1 Qe6 26.Qe2 Rd7 27.Ra6 Rc6 28.Rxc6 Qxc6 29.Qf3 Bg7
30.Qf4 Qe6 31.Qa4 d4 32.exd4 Bxe5 33.d5 Bxc3 34.dxe6 Rxd1+ 35.Kg2 fxe6 36.Qe8+ Kg7
37.Qe7+ Kg8 38.Qxe6+ Kg7 39.Qe7+ Kg8 40.Qe2 Rc1 41.Qc4+ Kg7 42.Qxc5 a5 43.h4  1-0

[Event "FSIMB September"]
[Site "Budapest HUN"]
[Date "2009.09.05"]
[Round "1"]
[White "Berczes,C"]
[Black "Shao Shuai"]
[Result "1-0"]
[WhiteElo "2368"]
[BlackElo "2149"]

1.Nf3 d5 2.g3 c5 3.Bg2 Nc6 4.d4 e6 5.O-O Nf6 6.c4 dxc4 7.dxc5 Bxc5 8.Qxd8+ Kxd8
9.Nbd2 Na5 10.Ne5 Ke7 11.Ndxc4 Nxc4 12.Nxc4 Bd7 13.Bxb7 Rab8 14.Bf3 Rhc8
15.b3 Bc6 16.Bxc6 Rxc6 17.Bb2 Rd8 18.Rac1 Rcc8 19.Na5 Ne4 20.Nb7 Bxf2+ 21.Rxf2 Rxc1+
22.Bxc1 Rd5 23.Ba3+ Ke8 24.Rf1  1-0

[Event "4th Kolkata Open"]
[Site "Kolkata IND"]
[Date "2009.09.05"]
[Round "5"]
[White "Rahman,Zia"]
[Black "Grover,S"]
[Result "1-0"]
[WhiteElo "2554"]
[BlackElo "2288"]

1.Nf3 d5 2.g3 c6 3.Bg2 Nf6 4.O-O Bg4 5.d3 Nbd7 6.c4 e6 7.cxd5 exd5 8.Qc2 Nc5
9.Nbd2 Ne6 10.b3 Bc5 11.Bb2 O-O 12.e3 Nd7 13.h3 Bh5 14.Nh4 Re8 15.Rae1 a5
16.Kh2 f6 17.d4 Bf8 18.e4 Nb6 19.e5 fxe5 20.dxe5 d4 21.Be4 Ng5 22.Bd3 Nd5
23.f4 Ne3 24.Qb1 Bb4 25.Rf2 Rf8 26.a3 Qd7 27.e6 Nxe6 28.axb4 g5 29.Nf5  1-0

[Event "6th LGA Premium Cup"]
[Site "Nuernberg GER"]
[Date "2009.09.05"]
[Round "4"]
[White "Zaragatski,I"]
[Black "Baumann,Mat"]
[Result "1-0"]
[WhiteElo "2472"]
[BlackElo "2067"]

1.Nf3 d5 2.g3 c5 3.Bg2 Nf6 4.O-O b6 5.d4 e6 6.c4 Bb7 7.cxd5 Nxd5 8.Bg5 Nf6
9.Nc3 cxd4 10.Qxd4 Qxd4 11.Nxd4 Bxg2 12.Kxg2 a6 13.Rac1 Bc5 14.Bxf6 gxf6
15.Ne4 Nd7 16.Nxc5 bxc5 17.Nb3 O-O 18.Rfd1 Rfd8 19.Rd6 Ne5 20.Rxd8+ Rxd8
21.Rxc5 Rd6 22.Rc2 Rb6 23.Nd4 Rd6 24.e3 Rb6 25.b3 a5 26.Rc8+ Kg7 27.Ra8  1-0

[Event "FSGM September"]
[Site "Budapest HUN"]
[Date "2009.09.06"]
[Round "2"]
[White "Odendahl,R"]
[Black "Berczes,D"]
[Result "0-1"]
[WhiteElo "2422"]
[BlackElo "2521"]

1.Nf3 d5 2.g3 c6 3.Bg2 Nf6 4.b3 Bg4 5.Bb2 Nbd7 6.d3 e6 7.Nbd2 Bd6 8.O-O O-O
9.a3 a5 10.Qb1 Re8 11.Qa2 e5 12.e4 Qc7 13.Rae1 dxe4 14.dxe4 b5 15.h3 Bh5
16.Rc1 Nc5 17.Rfe1 Nfd7 18.Nh4 f6 19.Bf3 Bf7 20.Qb1 Ne6 21.Bg2 Qa7 22.Nf5 Bc5
23.Rf1 Rad8 24.Nf3 Ndf8 25.Rcd1 Rxd1 26.Qxd1 Rd8 27.Qe1 Bb6 28.Qc3 c5 29.Qe1 Nd4
30.N3xd4 cxd4 31.Qe2 Qd7 32.Rd1 Kh8 33.Bf1 b4 34.axb4 axb4 35.Qd2 Bc5 36.Ra1 Ne6
37.h4 Bf8 38.Bd3 Nc5 39.Bc1 Rc8 40.Qe2 Nxd3 41.Qxd3 Qb7 42.Bd2 Be8 43.Qa6 Qxa6
44.Rxa6 Bc6 45.f3 h5 46.Kf2 Rc7 47.Rb6 g6 48.Rb8 gxf5 49.Bxb4 fxe4 50.Bxf8 Kh7
51.f4 e3+ 52.Ke1 Bf3 53.c4 Ra7  0-1

[Event "TCh-SRB 1st League"]
[Site "Kragujevac SRB"]
[Date "2009.09.06"]
[Round "6"]
[White "Drazic,S"]
[Black "Halkias,S"]
[Result "1-0"]
[WhiteElo "2518"]
[BlackElo "2570"]

1.Nf3 d5 2.g3 Nf6 3.Bg2 c6 4.O-O Bg4 5.d4 Nbd7 6.Nbd2 e6 7.Re1 Be7 8.e4 O-O
9.c3 c5 10.exd5 Nxd5 11.Nc4 Bh5 12.Ne3 N5f6 13.d5 Ne5 14.h3 Bxf3 15.Bxf3 Nxf3+
16.Qxf3 Nxd5 17.Nxd5 exd5 18.Re5 d4 19.Qxb7 Bf6 20.Rxc5 dxc3 21.bxc3 Qd1+
22.Kg2 Rad8 23.Rb1 Qc2 24.Bf4 Qxa2 25.Re1 h6 26.Qf3 Qa3 27.Rc6 Bg5 28.Bc7 Rd7
29.h4 Bd8 30.Bf4 Bb6 31.Bxh6 Rfd8 32.Bxg7 Kxg7 33.Qg4+ Kf8 34.Qh5 Kg8 35.Qg5+ Kf8
36.Qf6 Kg8 37.Qg5+ Kf8 38.Qf6 Kg8 39.Re4 Rd6 40.Rxd6 Qxd6 41.Re8+ Rxe8 42.Qxd6 Re2
43.Qf6 Re6 44.Qg5+ Rg6 45.Qb5 Re6 46.h5 Kg7 47.f4 Bd8 48.c4 Bf6 49.c5 a6
50.Qa4 Re2+ 51.Kf3  1-0

[Event "6th LGA Premium Cup"]
[Site "Nuernberg GER"]
[Date "2009.09.06"]
[Round "6"]
[White "Espig,L"]
[Black "Braun,A"]
[Result "1/2-1/2"]
[WhiteElo "2359"]
[BlackElo "2529"]

1.Nf3 d5 2.g3 Nf6 3.Bg2 Bf5 4.b3 e6 5.Bb2 Be7 6.d3 O-O 7.Nbd2 h6 8.O-O c5
9.Qe1 Nc6 10.e4 Bh7 11.Qe2 Qc7 12.Rfe1 Rad8 13.a3 Rfe8 14.h3 b5 15.exd5 Nxd5
16.Ne5 Nd4 17.Qd1 f6 18.Ng4 h5 19.Ne3 Nxe3 20.Rxe3 h4 21.Bxd4 cxd4 22.Rxe6 hxg3
23.fxg3 Bf5 24.Re2 Qxg3 25.Qe1 Qc7 26.a4 Kf8 27.axb5 Bb4 28.Rxe8+ Rxe8 29.Qf2 Qc3
30.Rxa7 Qxd2 31.Qxf5 Qe3+ 32.Kh1 Qc1+ 33.Bf1 Bd6 34.Qf2 Re1 35.Kg2 Qg5+ 36.Kh1 Qd5+
37.Kg1 Qg5+ 38.Kh1 Qd5+ 39.Kg1 Qg5+  1/2-1/2

[Event "FSIMB September"]
[Site "Budapest HUN"]
[Date "2009.09.07"]
[Round "3"]
[White "Berczes,C"]
[Black "Le Thanh Tu"]
[Result "1-0"]
[WhiteElo "2368"]
[BlackElo "2305"]

1.Nf3 d5 2.g3 Nf6 3.Bg2 Bf5 4.c4 c6 5.Qb3 Qb6 6.Qxb6 axb6 7.cxd5 cxd5 8.Nc3 e6
9.d3 Nc6 10.Bf4 Bb4 11.O-O O-O 12.Nb5 Bg6 13.Rfc1 Nd7 14.Bd6 Bxd6 15.Nxd6 Rfb8
16.Nxb7 Nb4 17.Rc7 Nf8 18.Nd6 Rd8 19.Nb5 Rxa2 20.Rxa2 Nxa2 21.Ne5 f6 22.Nc6 Ra8
23.f4 h5 24.Nd6 Kh7 25.Kf2 Nc1 26.Ne7 Rd8 27.f5 Nxd3+ 28.exd3 Rxd6 29.fxg6+ Nxg6
30.Nxg6 Kxg6 31.b4 f5 32.d4 Kf6 33.b5 g6 34.Bf3 Rd8 35.Rc6 Ke7 36.Rxb6 Rc8
37.Be2 h4 38.gxh4 Rc3 39.Rb7+ Kf6 40.b6 Rb3 41.Rb8  1-0

[Event "FSGM September"]
[Site "Budapest HUN"]
[Date "2009.09.07"]
[Round "3"]
[White "Berczes,D"]
[Black "Fodor,T jr"]
[Result "0-1"]
[WhiteElo "2521"]
[BlackElo "2430"]

1.Nf3 d5 2.g3 Nf6 3.Bg2 c6 4.c4 dxc4 5.a4 e6 6.Qc2 a6 7.a5 Bb4 8.Qa4 Qd6
9.Na3 Bxa3 10.bxa3 Qc5 11.Rb1 O-O 12.Qb4 Qh5 13.Bb2 Nbd7 14.h3 Re8 15.Rc1 Qb5
16.Nd4 Qh5 17.Nf3 e5 18.g4 Qg6 19.Nh4 Qg5 20.Nf3 Qg6 21.Nh4 Qg5 22.Nf5 Nd5
23.Qxc4 N7f6 24.Nd6 Rd8 25.Nxc8 Raxc8 26.h4 Qg6 27.Bxe5 Nxg4 28.Bg3 Ndf6
29.Qc2 Qh6 30.Bf3 Re8 31.Qf5 Rcd8 32.Qg5 Ne5 33.Bxe5 Rxe5 34.Qxh6 gxh6 35.Rb1 Rd7
36.Rb3 Rxa5 37.Bxc6 Rc7 38.Rd3 Rxc6 39.Rd8+ Kg7  0-1

[Event "XIX EYCC Girls U16"]
[Site "Fermo ITA"]
[Date "2009.09.07"]
[Round "7"]
[White "Foisor,M"]
[Black "Bulmaga,I"]
[Result "1/2-1/2"]
[WhiteElo "2123"]
[BlackElo "2277"]

1.Nf3 d5 2.g3 c6 3.Bg2 Nf6 4.d3 Bg4 5.Nbd2 Nbd7 6.O-O e5 7.h3 Bh5 8.e4 dxe4
9.dxe4 Be7 10.Qe2 O-O 11.Rd1 Qc7 12.g4 Bg6 13.Nh4 Rfe8 14.Nf5 Bf8 15.Nf1 Nc5
16.N1g3 Ne6 17.g5 Nd7 18.h4 Nf4 19.Qg4 Bxf5 20.exf5 Nxg2 21.Kxg2 Nb6 22.h5 Rad8
23.Be3 Rxd1 24.Rxd1 Nd5 25.Bc1 Nf4+ 26.Kh2 Qb6 27.Ne4 Qb4 28.Qf3 Qc4 29.Bxf4 exf4
30.Re1 Rd8 31.Qb3 Qd5 32.f6 Re8 33.f3 Qxb3 34.axb3 Rd8 35.Kh3 h6 36.Kg4 hxg5
37.Kxg5 Rd5+ 38.Kg4 g6 39.hxg6 fxg6 40.Kxf4 Bh6+ 41.Kg4 a5 42.Rh1 Be3 43.f7+ Kxf7
44.Rh7+ Ke6 45.Rxb7 Rd1 46.Rc7 Rg1+ 47.Kh3 Rh1+ 48.Kg2 Rg1+ 49.Kh2 Bf4+ 50.Kxg1 Bxc7
51.Kf2 Kf5 52.Nd2 Bb6+ 53.Ke2 Kf4 54.Nc4 Bd8 55.c3 Bc7 56.Ne3 Bd6 57.Nc2 c5
58.Ne1 g5 59.Nd3+ Kf5 60.Ke3 Bf8 61.Nf2 Ke5 62.Ne4 Be7 63.Nd2 Kd5 64.Kd3 Bd6
65.Nc4 Bc7 66.Ne3+ Ke5 67.Ng2 Kd5 68.Ne3+ Ke5 69.Ng2  1/2-1/2

[Event "FSIMB September"]
[Site "Budapest HUN"]
[Date "2009.09.08"]
[Round "4"]
[White "Berczes,C"]
[Black "Kahn,E"]
[Result "1-0"]
[WhiteElo "2368"]
[BlackElo "2245"]

1.Nf3 d5 2.g3 c6 3.Bg2 Bg4 4.O-O Nd7 5.d3 e5 6.e4 dxe4 7.dxe4 Ngf6 8.h3 Bh5
9.Nbd2 Bc5 10.Qe1 Qc7 11.Nh4 O-O 12.Kh1 Ne8 13.f4 f6 14.f5 Bf7 15.Nhf3 Nd6
16.g4 Nc4 17.Nb3 Bb6 18.g5 Kh8 19.g6 Bg8 20.gxh7 Bxh7 21.Nh4 Rfe8 22.Qe2 Nd6
23.Rd1 Rad8 24.Ng6+ Bxg6 25.fxg6 Nf8 26.h4 Nb5 27.Rxd8 Rxd8 28.a4 Nd4 29.Qh5+ Kg8
30.Bf1 Qd7 31.Bc4+ Nde6 32.Bd2 Qe8 33.Qg4 Kh8 34.Bb4 c5 35.Bxc5 Bxc5 36.Qh5+ Kg8
37.Nxc5 Qc6 38.b4 b6 39.Bxe6+ Nxe6 40.Qh7+ Kf8 41.Nxe6+ Qxe6 42.Qh8+ Qg8
43.Qxg8+ Kxg8 44.Ra3 Rd1+ 45.Kg2 Rd2+ 46.Kg3 Rxc2 47.Rd3 Kf8 48.Rd7 Rc4 49.Rf7+ Kg8
50.Rxa7 Kf8 51.Rf7+  1-0

[Event "2nd WTeam w"]
[Site "Ningbo CHN"]
[Date "2009.09.08"]
[Round "6"]
[White "Gomes,Mary"]
[Black "Pham Bich Ngoc"]
[Result "1-0"]
[WhiteElo "2396"]
[BlackElo "2145"]

1.Nf3 d5 2.g3 Nf6 3.Bg2 c6 4.O-O Bf5 5.d3 h6 6.b3 Nbd7 7.Bb2 e6 8.Nbd2 Be7
9.e4 dxe4 10.dxe4 Bh7 11.Qe2 O-O 12.a3 Nc5 13.Ne5 a5 14.Kh1 Qb6 15.Bd4 Qa6
16.Qe3 Nfd7 17.Nxd7 Nxd7 18.f4 Rad8 19.Rfd1 c5 20.Bb2 b5 21.a4 b4 22.Nc4 Nb6
23.Ne5 Qc8 24.c3 Rxd1+ 25.Rxd1 Rd8 26.Rxd8+ Qxd8 27.Bf3 Qc7 28.c4 f6 29.Nd3 Bg6
30.Kg1 Bf7 31.g4 Nd7 32.e5 fxe5 33.Nxe5 Nxe5 34.Qxe5 Qxe5 35.Bxe5 Bg6 36.Bd1 Bd8
37.Bd6 Bb6 38.Kf2 Kf7 39.Ke3 Bh7 40.Kd2 g5 41.Bc2 Bg8 42.f5 exf5 43.Bxf5 Kf6
44.Bc2 Bf7 45.Bd1 Kg7 46.h3 Bg6 47.Bc2 Be8 48.Ke3 Kf6 49.Bd1 Bd7 50.Bf8 h5
51.gxh5 Bxh3 52.Bc2 Bf5 53.Bxf5 Kxf5 54.h6 Kg6 55.Kf3 Ba7 56.Kg4 Bb6 57.h7 Kxh7
58.Kxg5 Kg8 59.Bd6 Kf7 60.Kf5 Ke8 61.Ke6 Kd8 62.Kd5 Kd7 63.Bxc5 Bd8 64.Bd4 Bc7
65.c5 Kc8 66.Kc6 Bd8 67.Kb5 Bc7 68.c6 Kb8 69.Bb6  1-0

[Event "II Open"]
[Site "Sabadell ESP"]
[Date "2009.09.08"]
[Round "7"]
[White "Gonzalez Garcia,J2"]
[Black "Alonso Castillo,S"]
[Result "1-0"]
[WhiteElo "2509"]
[BlackElo "2123"]

1.Nf3 d5 2.g3 Nf6 3.Bg2 c6 4.c4 Bf5 5.cxd5 cxd5 6.Qb3 Qb6 7.Qxb6 axb6 8.Nc3 Nc6
9.d3 e5 10.O-O h6 11.Nb5 Ra5 12.a4 Bb4 13.Be3 d4 14.Bd2 Nd5 15.Bxb4 Ndxb4
16.Nd6+  1-0

[Event "FSIMA September"]
[Site "Budapest HUN"]
[Date "2009.09.09"]
[Round "5"]
[White "Dencsi,T"]
[Black "Feher,Ad"]
[Result "1/2-1/2"]
[WhiteElo "2338"]
[BlackElo "2224"]

1.Nf3 d5 2.g3 c6 3.Bg2 Bg4 4.b3 Nd7 5.Bb2 Ngf6 6.O-O e6 7.d3 Bd6 8.c4 O-O
9.Na3 Qe7 10.Nc2 Rad8 11.Qe1 Rfe8 12.b4 e5 13.c5 Bb8 14.e4 Bxf3 15.Bxf3 dxe4
16.dxe4 Nf8 17.Qe3 Ne6 18.Rfd1 Bc7 19.Kg2 Rxd1 20.Rxd1 Rd8 21.Rxd8+ Qxd8
22.Be2 Qd7 23.Qd3 Qxd3 24.Bxd3 Kf8 25.f3 Ke7 26.Kf2 Nd7 27.Ke2 f6 28.Bc4 g6
29.Kd3 Ng5 30.Ke3 Ne6 31.Ne1 b6 32.cxb6 Bxb6+ 33.Ke2 Nd4+ 34.Kd3 a5 35.Bc3 axb4
36.Bxb4+ Bc5 37.Bc3 Bb6 38.Kd2 Nc5 39.Bb4 Kd7 40.Bg8 h6 41.Bf7 Na4 42.Kc1 g5
43.Bh5 c5 44.Bd2 c4 45.Bb4 Bc5 46.Bxc5 Nxc5 47.Kd2 Na4 48.Bf7 c3+ 49.Kd3 c2
50.Nxc2 Nxf3 51.h3 Kd6 52.Bh5 Ng1 53.Bg4 h5 54.Bf5 h4 55.gxh4 gxh4 56.Ke3 Nc3
57.Kf2 Nge2 58.Kf3  1/2-1/2

[Event "TCh-SRB 1st League"]
[Site "Kragujevac SRB"]
[Date "2009.09.09"]
[Round "8"]
[White "Markus,Rob"]
[Black "Abramovic,B"]
[Result "1/2-1/2"]
[WhiteElo "2608"]
[BlackElo "2471"]

1.Nf3 d5 2.g3 c5 3.Bg2 Nc6 4.d4 cxd4 5.Nxd4 e6 6.O-O Bc5 7.Nb3 Bb6 8.c4 Nge7
9.cxd5 Nxd5 10.Nc3 Nxc3 11.bxc3 O-O 12.Ba3 Re8 13.Nd2 Ne5 14.Ne4 Nc4 15.Bc5 e5
16.Qa4 Be6 17.Rfd1 Qc7 18.Qb5 h6 19.Bxb6 axb6 20.Nd2 Red8 21.Nf1 Ra5 22.Rxd8+ Qxd8
23.Qb4 Qc7 24.Be4 Rc5 25.Rd1 Nd6 26.Ne3 Nxe4 27.Qxe4 Rxc3 28.Nd5 Bxd5 29.Qxd5 Rc1
30.h4 h5 31.e4 g6 32.Rxc1 Qxc1+ 33.Kg2 Qc7 34.Kf1 Kg7 35.Ke2 Kf6 36.Kf3 Qc6
37.Qd3 b5 38.a3 Ke7 39.Kg2 f5 40.f3 Qc4 41.Qe3 fxe4 42.fxe4 Qd4 43.Qe2 b4
44.axb4 Qxb4 45.g4 hxg4 46.Kg3 b5 47.Kxg4 Qc4 48.Qe3 b4 49.Kg5 Qd4 50.Qf3 Qb6
51.Kh6 Qf6 52.Qd3 Kf8 53.Qb1 Qxh4+ 54.Kxg6 Qg3+ 55.Kf6 b3 56.Ke6 Kg7 57.Qc1 Kg6
58.Qd2 Kh5 59.Kd5 Kg4  1/2-1/2

[Event "TCh-SRB 1st League"]
[Site "Kragujevac SRB"]
[Date "2009.09.09"]
[Round "8"]
[White "Jovanovic,SM"]
[Black "Sakaev,K"]
[Result "0-1"]
[WhiteElo "2293"]
[BlackElo "2625"]

1.Nf3 d5 2.g3 Bg4 3.Ne5 Bf5 4.Bg2 Nd7 5.Nxf7 Kxf7 6.Bxd5+ e6 7.Bxb7 Rb8 8.Bg2 Ngf6
9.b3 h5 10.h3 Be4 11.O-O Bxg2 12.Kxg2 Ne5 13.Bb2 c5 14.d3 Ng6 15.Nd2 h4 16.e4 Bd6
17.Nc4 Bc7 18.Qf3 e5 19.Qe3 Qd7 20.Rh1 Qc6 21.Raf1 Rbe8 22.a4 a6 23.Ba3 Nd7
24.Qf3+ Kg8 25.Qg4 Ngf8 26.Bc1 Nf6 27.Qe2 Ne6 28.Be3 Rf8 29.g4 Nd7 30.f3 Bd8
31.Qd2 Kh7 32.Qc3 Nf4+ 33.Bxf4 Rxf4 34.Nxe5 Qf6 35.d4 cxd4 36.Nxd7 Qd6 37.Qd2 Rxg4+
38.Kf2 Rg3 39.Rfg1 Rxg1 40.Rxg1 Qxd7 41.Rg4 Rf8 42.f4 Kg8 43.Qd3 Qd6 44.Kf3 Bg5
45.Qc4+ Kh7 46.f5 Bf6 47.Rg2 a5 48.Qb5 Rc8 49.e5 Bxe5 50.Ke4 Bf6 51.Rg6 Qe7+  0-1

[Event "TCh-SRB 1st League"]
[Site "Kragujevac SRB"]
[Date "2009.09.11"]
[Round "10"]
[White "Paunovic,D"]
[Black "Solak,D"]
[Result "1/2-1/2"]
[WhiteElo "2556"]
[BlackElo "2583"]

1.Nf3 d5 2.g3 c6 3.Bg2 Nf6 4.O-O Bg4 5.d4 e6 6.Nbd2 Be7 7.Re1 O-O 8.e4 Bh5
9.c3 Bg6 10.exd5 cxd5 11.Ne5 Nc6 12.h4 Bh5 13.Qb3 Nxe5 14.Rxe5 Rb8 15.a4 a6
16.Nf3 b5 17.axb5 axb5 18.Bg5 Bxf3 19.Bxf3 h6 20.Bxf6 Bxf6 21.Re3 b4 22.Qa4 Qb6
23.Bh5 Rb7 24.Rf3 Rc8 25.Kg2 Qd8 26.Qd1 g6 27.Bg4 Bg7 28.Rd3 Qb6 29.h5 g5
30.Be2 bxc3 31.bxc3 Rbb8 32.Qd2 Qb2 33.Qxb2 Rxb2 34.Bd1 Rb7 35.Kf1 Bf8 36.Ke1 Kg7
37.Ra2 Rcc7 38.Kd2 Rb6 39.Kc2 Bd6 40.Re3 Be7 41.Be2 Bf6 42.Rd3 Rb4 43.Kd2 Rb1
44.Bd1 Rcb7 45.Re3 Bd8 46.Re1 Kf6 47.Bc2 Rxe1 48.Kxe1 Bb6 49.Ra8 Kg7 50.g4 Ra7
51.Rxa7  1/2-1/2

[Event "TCh-SRB 1st League"]
[Site "Kragujevac SRB"]
[Date "2009.09.11"]
[Round "10"]
[White "Jovanovic,SM"]
[Black "Predojevic,B"]
[Result "0-1"]
[WhiteElo "2293"]
[BlackElo "2654"]

1.Nf3 d5 2.g3 g6 3.Bg2 Bg7 4.O-O e5 5.c4 c6 6.cxd5 cxd5 7.d4 e4 8.Ne1 Ne7
9.Nc3 Nbc6 10.Nc2 O-O 11.b3 Be6 12.Ba3 Qd7 13.Rc1 Rfd8 14.Qd2 h5 15.Rfd1 h4
16.Qf4 Nf5 17.g4 Nfxd4 18.Nxd4 Nxd4 19.Bc5 Nb5 20.Nxe4 b6 21.a4 bxc5 22.axb5 Qxb5
23.Nxc5 Qxe2 24.Re1 Qxg4 25.Nxe6 Qxf4 26.Nxf4 Bh6 27.Nxd5 Bxc1 28.Rxc1 Kf8
29.Rc7 Rac8 30.h3 Rxc7 31.Nxc7 a5 32.Nb5 Rd3 33.Bf1 Rxb3 34.Nd6 a4 35.Bc4 Rc3
36.Ba2 Rc2 37.Bxf7 Rd2 38.Ne4 Rd1+ 39.Kg2 Kxf7 40.Kf3 a3  0-1

[Event "TCh-SRB 1st League"]
[Site "Kragujevac SRB"]
[Date "2009.09.12"]
[Round "11"]
[White "Marinkovic,I"]
[Black "Miljkovic,Mir1"]
[Result "1/2-1/2"]
[WhiteElo "2461"]
[BlackElo "2467"]

1.Nf3 d5 2.g3 Nf6 3.Bg2 c6 4.O-O Bg4 5.d3 Nbd7 6.Nbd2 e6 7.h3 Bh5 8.b3 Bc5
9.Bb2 O-O 10.c4 a5  1/2-1/2

[Event "USCL 2009"]
[Site "ICC INT"]
[Date "2009.09.14"]
[Round "3"]
[White "Lenderman,A"]
[Black "Kaufman,La"]
[Result "1-0"]
[WhiteElo "2504"]
[BlackElo "2400"]

1.Nf3 d5 2.g3 Bg4 3.Bg2 Nd7 4.c4 e6 5.cxd5 exd5 6.d3 Ngf6 7.Nc3 Be7 8.h3 Bxf3
9.Bxf3 c6 10.O-O O-O 11.Bg2 Re8 12.Qc2 d4 13.Ne4 Nxe4 14.dxe4 Bc5 15.Kh2 Qe7
16.f4 Bb6 17.a4 a5 18.Bd2 Kh8 19.Ra3 f6 20.e3 dxe3 21.Bxe3 Bxe3 22.Rxe3 Qb4
23.Rd1 Nc5 24.Rc3 Ne6 25.Rcd3 Rad8 26.Rxd8 Rxd8 27.Rxd8+ Nxd8 28.Qd3 Qe7
29.Qd4 Qc7 30.Bf1 b6 31.Bc4 Nb7 32.e5 fxe5 33.fxe5 Nc5 34.e6 Qe7 35.Qe5 h6
36.Qb8+ Kh7 37.Qxb6 Qd6 38.Qxa5 Qd4 39.Qe1 Qxc4 40.e7 Qc2+ 41.Kg1 Nd3 42.Qe4+ g6
43.e8=Q Qf2+ 44.Kh1 Qf1+ 45.Kh2 Qf2+ 46.Qg2  1-0

[Event "TCh-SRB w"]
[Site "Pozarevac SRB"]
[Date "2009.09.14"]
[Round "1"]
[White "Stojanovic,Andj"]
[Black "Mladenovic,J"]
[Result "1-0"]
[WhiteElo "2323"]
[BlackElo "2150"]

1.Nf3 d5 2.g3 Nf6 3.Bg2 Bf5 4.O-O e6 5.d3 Be7 6.Nbd2 O-O 7.Qe1 h6 8.e4 Bh7
9.Qe2 c5 10.b3 Nc6 11.Bb2 Rc8 12.c4 d4 13.h3 Nd7 14.Nh2 e5 15.f4 Re8 16.f5 Bg5
17.Ndf3 Be7 18.h4 Kh8 19.Bc1 Rg8 20.Qf2 Nb4 21.Rd1 Qf8 22.g4 g6 23.fxg6 fxg6
24.g5 h5 25.Bh3 Rd8 26.Bxd7 Rxd7 27.Nxe5 Qxf2+ 28.Kxf2 Rf8+ 29.Nhf3 Rd6 30.a3 Na6
31.b4 Re6 32.Nd7 Rd8 33.Nxc5 Nxc5 34.bxc5 Bxc5 35.Bf4 Bg8 36.Be5+ Kh7 37.Bf6 Rf8
38.Kg2 Ra6 39.a4 Rb6 40.Rab1 Rxb1 41.Rxb1 b6 42.a5 Be6 43.axb6 Bxb6 44.Rb5 Rf7
45.Re5 Bd7 46.c5 Bc7 47.Rd5 a5 48.Nxd4 a4 49.c6 Be8 50.Ne6 Kg8 51.Nd8 Rxf6
52.gxf6 a3 53.Rd4 a2 54.Ra4 Bxd8 55.Rxa2 Bxc6 56.Ra6 Bb7 57.Ra7 Bc6 58.Rg7+ Kf8
59.Rxg6 Kf7 60.Rg5 Bxf6 61.Rxh5 Ke6 62.Kg3 Be5+ 63.Kf3 Ba4 64.Ke3 Kf6 65.Rf5+ Ke6
66.d4 Bd6 67.h5 Ba3 68.Ra5 Bc1+ 69.Kd3 Be8  1-0

[Event "7th ch-Mediterranean"]
[Site "Rijeka CRO"]
[Date "2009.09.14"]
[Round "5"]
[White "Golubovic,B"]
[Black "Plenca,J"]
[Result "1/2-1/2"]
[WhiteElo "2381"]
[BlackElo "2296"]

1.Nf3 d5 2.g3 Nf6 3.Bg2 c6 4.b3 Bf5 5.Bb2 e6 6.O-O Be7 7.c4 O-O 8.d3 Bg6
9.Nbd2 Nbd7 10.Qc2 Re8 11.a3 Bf8  1/2-1/2

[Event "TCh-SRB w"]
[Site "Pozarevac SRB"]
[Date "2009.09.15"]
[Round "2"]
[White "Foisor,C"]
[Black "Urosevic,Ma"]
[Result "1-0"]
[WhiteElo "2424"]
[BlackElo "2094"]

1.g3 d5 2.Nf3 Nf6 3.Bg2 c6 4.d3 Bg4 5.Nbd2 e6 6.O-O Be7 7.h3 Bh5 8.e4 O-O
9.Qe1 Nfd7 10.Nh2 f6 11.f4 dxe4 12.Nxe4 e5 13.f5 Nc5 14.Be3 Nxe4 15.Bxe4 Nd7
16.Qf2 Qa5 17.g4 Bf7 18.Nf3 Bc5 19.h4 Bxe3 20.Qxe3 Qb6 21.Qxb6 axb6 22.a4 Nc5
23.b3 Rfd8 24.Rae1 Bd5 25.g5 Bxe4 26.dxe4 Kf7 27.Kf2 h6 28.Ke3 hxg5 29.hxg5 Rh8
30.Rh1 Nd7 31.Rd1 Ke7 32.Nh4 Rhd8 33.Ng6+ Kf7 34.gxf6 Kxf6 35.Rd6+ Kf7 36.Rh4 Ke8
37.Re6+  1-0

[Event "TCh-SRB w"]
[Site "Pozarevac SRB"]
[Date "2009.09.16"]
[Round "3"]
[White "Stojanovic,Andj"]
[Black "Eric,J"]
[Result "1/2-1/2"]
[WhiteElo "2323"]
[BlackElo "2137"]

1.Nf3 d5 2.g3 c6 3.Bg2 Bg4 4.O-O Nd7 5.d3 e6 6.h3 Bh5 7.c4 Bd6 8.cxd5 cxd5
9.Nc3 a6 10.e4 d4 11.g4 Bxg4 12.hxg4 dxc3 13.bxc3 h5 14.g5 Qc7 15.d4 e5 16.g6 fxg6
17.Ng5 Nf8 18.Rb1 O-O-O 19.Qb3 Nh6 20.dxe5 Bxe5 21.Be3 Rd3 22.Bb6 Qc6 23.Rfd1 Rxd1+
24.Rxd1 Nd7 25.Bh3 Ng4 26.Nf7 Re8 27.Bxg4 hxg4 28.Nxe5 Nxe5 29.Be3 Qxe4 30.Qd5 Nf3+
31.Kf1 Qxd5 32.Rxd5 Rd8 33.Rc5+ Kd7 34.Ke2 Rc8 35.Rxc8 Kxc8 36.Kd3 Kd7 37.a4 Kd6
38.Ke4 b5 39.axb5 axb5 40.Kf4 Kd5 41.Kxg4 Ne5+ 42.Kg5 Kc4 43.f4 Nd3 44.Bd4 b4
45.cxb4  1/2-1/2

[Event "TCh-ROU Superliga"]
[Site "Eforie Nord ROU"]
[Date "2009.09.19"]
[Round "1"]
[White "Marin,Mi"]
[Black "Thesing,M"]
[Result "1/2-1/2"]
[WhiteElo "2616"]
[BlackElo "2419"]

1.Nf3 d5 2.g3 Nf6 3.Bg2 e6 4.O-O c5 5.c4 Nc6 6.cxd5 exd5 7.d4 Be7 8.b3 O-O
9.Bb2 Ne4 10.dxc5 Bxc5 11.e3 Qb6 12.Re1 Rd8 13.Nc3 Nxc3 14.Bxc3 Bg4 15.b4 Bxb4
16.Rb1 Bxc3 17.Rxb6 axb6 18.Rf1 Ne5 19.Qe2 d4 20.exd4 Bxd4 21.Qe4 Bxf3 22.Bxf3 Nxf3+
23.Qxf3 Rxa2 24.Qxb7 Bc5 25.Qc7 Rad2 26.g4 h6 27.Kh1 Re8 28.Qc6 Re6 29.Qa8+ Kh7
30.Qb7 Rf6 31.f4 g6 32.Qf3 Rd4 33.f5 g5 34.Qe2 Kg7 35.Rd1 Rxd1+ 36.Qxd1 Rd6
37.Qc2 Rd4 38.Qb2 Kf8 39.h3 Ke7 40.Kg2 Kf8 41.Qc3 Kg8 42.Qe1 Bf8 43.Qe3 Rb4
44.Kf3 b5 45.Ke2 Rb2+ 46.Kd1 b4 47.Kc1  1/2-1/2

[Event "TCh-SRB w"]
[Site "Pozarevac SRB"]
[Date "2009.09.19"]
[Round "6"]
[White "Stajic,S"]
[Black "Djukic,Sa"]
[Result "0-1"]
[WhiteElo "2049"]
[BlackElo "2233"]

1.Nf3 d5 2.g3 Nf6 3.d4 c6 4.Bg2 h6 5.b3 Bf5 6.Bb2 e6 7.Nbd2 Be7 8.O-O O-O
9.Ne5 Nbd7 10.Ndf3 Bh7 11.c4 a5 12.a4 Nb8 13.c5 Na6 14.Nd3 Ne4 15.Nd2 Bf6
16.f3 Nxd2 17.Qxd2 Bxd3 18.exd3 b6 19.Rac1 Rb8 20.Bc3 bxc5 21.dxc5 Rxb3 22.Bxa5 Bd4+
23.Kh1 Qf6 24.Bb6 Qf5 25.Rb1 Rxd3 26.Qe2 Bxc5 27.Bxc5 Nxc5 28.Qc2 Nd7 29.Qxc6 Ne5
30.Qc2 Nc4 31.Rb3 Rxb3 32.Qxb3 Nd2 33.Qb5 Nxf1 34.Qxf1 Rb8 35.Qe2 Rb1+ 36.Bf1 Ra1
37.Qb5 Qxf3+  0-1

[Event "TCh-FIN 2009-10"]
[Site "Finland FIN"]
[Date "2009.09.20"]
[Round "2"]
[White "Seeman,T"]
[Black "Karttunen,M"]
[Result "1/2-1/2"]
[WhiteElo "2421"]
[BlackElo "2426"]

1.Nf3 d5 2.g3 Nf6 3.Bg2 Bg4 4.c4 Bxf3 5.Bxf3 e6 6.cxd5 exd5 7.Nc3 c6 8.O-O d4
9.Ne4 Nxe4 10.Bxe4 Nd7 11.d3 a5 12.e3 Bc5 13.Qg4 dxe3 14.Bxe3 Bxe3 15.Qxg7 Qf6
16.Qxf6 Nxf6 17.fxe3 Nxe4 18.dxe4 O-O 19.Rad1 Rae8 20.Rf4 Re7 21.Kf2 Rfe8
22.Kf3 Rc7 23.Rd6 Rce7 24.Rh6 Re6 25.Rxe6 Rxe6 26.Rf5 b6 27.e5 Re7 28.Ke4 Rd7
29.Rf2 Rd5 30.Rc2 Rb5 31.Kf5 Kg7 32.Rd2 a4 33.e4 Rb4 34.g4 c5 35.h4 Rd4 36.Re2 c4
37.g5 b5 38.a3 Rd3 39.e6 Kf8 40.Rf2 Ke7 41.exf7 Kxf7 42.h5 c3 43.bxc3 Rxc3
44.Rb2 Rb3 45.Rc2 Rxa3 46.Rc7+ Kg8 47.h6 Rf3+ 48.Ke6 Rf8 49.Rg7+ Kh8 50.Rb7 Ra8
51.Rxb5 a3 52.Rb1 a2 53.Ra1 Kg8 54.e5 Ra6+ 55.Ke7 Ra7+ 56.Kf6 Rf7+ 57.Ke6 Ra7
58.Kf6 Rf7+ 59.Ke6 Ra7 60.Kf5 Kf7 61.e6+ Ke7 62.g6 Ra5+ 63.Kg4 hxg6 64.h7 Rh5
65.Rxa2 Kxe6 66.Ra6+ Kf7 67.Ra7+ Kf6 68.Rb7 Rh1 69.Rb6+ Kg7 70.Rb7+ Kh8 71.Kg5 Rxh7
72.Rb8+ Kg7 73.Rb7+ Kg8 74.Rb8+  1/2-1/2

[Event "TCh-FIN 2009-10"]
[Site "Finland FIN"]
[Date "2009.09.20"]
[Round "2"]
[White "Sepp,O"]
[Black "Ivanov,MM"]
[Result "1/2-1/2"]
[WhiteElo "2442"]
[BlackElo "2459"]

1.Nf3 d5 2.g3 Bg4 3.Bg2 Nd7 4.O-O e6 5.d3 Ngf6 6.Nbd2 Be7 7.h3 Bh5 8.e4 O-O
9.Qe1 a5 10.a4 Bb4 11.Nh4 dxe4 12.dxe4 e5 13.c3 Bc5 14.Nb3 Bb6 15.Bg5 Re8
16.Nf5 Ra6 17.g4 Bg6 18.Rd1 Qc8 19.Qe2 h6 20.Bh4 Ba7 21.Rd2 Nf8  1/2-1/2

[Event "TCh-ROU Superliga"]
[Site "Eforie Nord ROU"]
[Date "2009.09.21"]
[Round "3"]
[White "Marin,Mi"]
[Black "Fressinet,L"]
[Result "1/2-1/2"]
[WhiteElo "2616"]
[BlackElo "2658"]

1.Nf3 d5 2.g3 g6 3.Bg2 Bg7 4.d4 Nf6 5.O-O O-O 6.c4 c6 7.cxd5 cxd5 8.Nc3 Ne4
9.Ne5 Nxc3 10.bxc3 Nc6 11.Nxc6 bxc6 12.Qa4 Qb6 13.Ba3 Qa6 14.Qxa6 Bxa6 15.Rfe1 Rfe8
16.Bc5 e6 17.Rab1 Bf8 18.Bxf8  1/2-1/2

[Event "TCh-ROU Superliga"]
[Site "Eforie Nord ROU"]
[Date "2009.09.22"]
[Round "4"]
[White "Manescu,T"]
[Black "Baratosi,D"]
[Result "1/2-1/2"]
[WhiteElo "2393"]
[BlackElo "2413"]

1.Nf3 d5 2.g3 Bg4 3.Bg2 c6 4.d3 Nd7 5.h3 Bh5 6.c4 e6 7.O-O Ngf6 8.cxd5 Nxd5
9.Nc3 Be7 10.d4 O-O 11.e4 Nxc3 12.bxc3 Kh8 13.Qb3 b6 14.g4 Bg6 15.Nh2 Rc8
16.f4 f6 17.e5 fxe5 18.fxe5 c5 19.Qxe6 cxd4 20.cxd4 Nc5 21.Qd5 Qxd5 22.Rxf8+ Rxf8
23.Bxd5 Rd8 24.Bf3 Rxd4 25.Be3 Rd3 26.Nf1 Ra3 27.Bd5 h6 28.Rc1 Bd3 29.Ng3 Be4
30.Nxe4 Rxe3 31.Nxc5 Bxc5 32.Kg2 Rxe5 33.Bc4 Re4 34.Rc2 g5 35.Bb5 Kg7 36.Rd2 Kf6
37.Rd7 Rb4 38.a4 a6 39.Bc6 Rb2+ 40.Kf3 Rb3+ 41.Kg2 Rb2+ 42.Kf3 Rh2 43.Kg3 Rc2
44.Kf3 Rc3+ 45.Kg2 Ke5 46.Rh7 Rc2+ 47.Kf3 Rf2+ 48.Kg3 Rf6 49.Be8 Kd4 50.Rf7 Re6
51.Bd7 Rd6 52.h4 Kc4 53.hxg5 hxg5 54.Kf3 b5 55.axb5 axb5 56.Bf5 Bb6 57.Rg7 Bd8
58.Rd7 Rxd7 59.Bxd7 b4 60.Ke2 Kc3 61.Kd1 Kb2 62.Be6 Bf6 63.Bd5 Bc3 64.Be6 Be5
65.Bd5 Bf4 66.Be6 Kc3 67.Bf7 b3 68.Be6 b2 69.Ba2 Kd4 70.Bb1  1/2-1/2